[Event "Feira de Santana Baiano-ch"]
[Site "Feira de Santana"]
[Date "2019.10.12"]
[Round "3"]
[White "Dos Santos, Anderson Guerra"]
[Black "Freitas, Remulo Aguiar"]
[Result "1/2-1/2"]
[WhiteElo "2120"]
[BlackElo "2092"]
[PlyCount "115"]
[EventDate "2019.10.11"]
[EventType "swiss"]
[EventRounds "6"]
[EventCountry "BRA"]
[SourceTitle "CBM 192 Extra"]
[Source "Chessbase"]
[SourceDate "2019.11.06"]
[SourceVersion "1"]
[SourceVersionDate "2019.11.06"]
[SourceQuality "1"]

1. e4 c5 2. Nf3 Nc6 3. Nc3 d6 4. d4 cxd4 5. Nxd4 e5 6. Nb3 Nf6 7. f3 Be6 8. Nd5 Bxd5 9. exd5 Nb8 10. Be3 Be7 11. c4 Nbd7 12. Bd3 b6 13. Qe2 0-0 14. 0-0-0 Nc5 15. Nxc5 bxc5 16. g4 Nd7 17. h4 Re8 18. Qg2 Rb8 19. g5 Qa5 20. Bb1 Qa4 21. Qc2 Qxc2+ 22. Bxc2 Nb6 23. b3 a5 24. Rdg1 a4 25. h5 axb3 26. axb3 g6 27. Rh3 Kg7 28. Rgh1 Rh8 29. Bd2 Nd7 30. Kb2 f5 31. gxf6+ Bxf6 32. Bc3 Nb6 33. Kc1 Nd7 34. hxg6 Bg5+ 35. Kb2 h6 36. Bf5 Nb6 37. Kc2 Rhf8 38. Be4 Ra8 39. Rg1 Bf4 40. Rh4 Ra2+ 41. Bb2 Be3 42. Ra1 Rxb2+ 43. Kxb2 Bd4+ 44. Kb1 Bxa1 45. Kxa1 Nd7 46. Kb2 Rf4 47. Rh3 Nf6 48. Bd3 e4 49. fxe4 Nxe4 50. Re3 Rf2+ 51. Ka3 Ng5 52. Re7+ Kg8 53. b4 cxb4+ 54. Kb3 Nf3 55. Be4 Nd2+ 56. Kxb4 Re2 57. Re8+ Kg7 58. Re7+ 1/2-1/2

[Event "Feira de Santana Baiano-ch"]
[Site "Feira de Santana"]
[Date "2019.10.11"]
[Round "1"]
[White "Dos Santos, Anderson Guerra"]
[Black "Bomfim, Carlos B Campos Roc"]
[Result "1/2-1/2"]
[WhiteElo "2120"]
[BlackElo "1795"]
[PlyCount "97"]
[EventDate "2019.10.11"]
[EventType "swiss"]
[EventRounds "6"]
[EventCountry "BRA"]
[SourceTitle "CBM 192 Extra"]
[Source "Chessbase"]
[SourceDate "2019.11.06"]
[SourceVersion "1"]
[SourceVersionDate "2019.11.06"]
[SourceQuality "1"]

1. e4 c5 2. Nf3 Nf6 3. e5 Nd5 4. c4 Nc7 5. d4 cxd4 6. Nxd4 Nc6 7. Nxc6 bxc6 8. Bd3 g6 9. 0-0 Bg7 10. Bf4 Ne6 11. Bg3 Rb8 12. b3 Bb7 13. Nd2 Qa5 14. Nf3 Rd8 15. b4 Qc7 16. Qa4 a6 17. c5 0-0 18. h4 Qc8 19. h5 d6 20. cxd6 exd6 21. Rad1 d5 22. Bh4 Rde8 23. Rc1 Nf4 24. Rfd1 Nxd3 25. Rxd3 Qf5 26. Re3 Bh6 27. hxg6 fxg6 28. Rce1 Bxe3 29. Rxe3 Qg4 30. Bg3 c5 31. e6 Rxe6 32. Qd7 Bc8 33. Qxd5 Qf5 34. Re5 Qf7 35. bxc5 Rxe5 36. Qxe5 Qxa2 37. c6 a5 38. Ng5 a4 39. Qc7 Qa1+ 40. Kh2 Qg7 41. Qd6 Qh6+ 42. Nh3 Qh5 43. c7 Qf5 44. Qd4 a3 45. Bd6 Re8 46. Bxa3 Qe5+ 47. Qxe5 Rxe5 48. Bd6 Re6 49. Bf4 1/2-1/2

[Event "Bahia zonal"]
[Site "Salvador"]
[Date "2016.05.27"]
[Round "4"]
[White "Dos Santos, Anderson Guerra"]
[Black "Azevedo, Edmundo Roberto Ram"]
[Result "1/2-1/2"]
[WhiteElo "2124"]
[BlackElo "1959"]
[PlyCount "54"]
[EventDate "2016.05.26"]
[EventType "swiss"]
[EventRounds "8"]
[EventCountry "BRA"]
[SourceTitle "EXT 2018"]
[Source "ChessBase"]
[SourceDate "2017.10.13"]
[SourceVersion "1"]
[SourceVersionDate "2017.10.13"]
[SourceQuality "1"]

1. e4 c6 2. d4 d5 3. Nd2 dxe4 4. Nxe4 Nd7 5. Ng5 Ngf6 6. Bd3 Nb6 7. N1f3 h6 8. Ne4 Nxe4 9. Bxe4 Bg4 10. Qd3 Bxf3 11. Bxf3 e6 12. Bf4 Bd6 13. Bg3 Bxg3 14. hxg3 Qd6 15. 0-0-0 0-0-0 16. Qb3 Kb8 17. Rh4 f5 18. c4 Qc7 19. Kb1 g6 20. Rhh1 h5 21. a4 Nd7 22. d5 exd5 23. cxd5 Ne5 24. dxc6 Nxf3 25. Qxf3 Qxc6 26. Qxc6 bxc6 27. Kc2 Kc7 1/2-1/2

[Event "Baianos-ch"]
[Site "Salvador"]
[Date "2015.10.11"]
[Round "5"]
[White "Dos Santos, Anderson Guerra"]
[Black "Neves, Carlos Alberto"]
[Result "1/2-1/2"]
[WhiteElo "1666"]
[BlackElo "1910"]
[PlyCount "50"]
[EventDate "2015.10.09"]
[EventType "swiss"]
[EventRounds "7"]
[EventCountry "BRA"]
[SourceTitle "EXT 2022"]
[Source "ChessBase"]
[SourceDate "2021.10.06"]
[SourceVersion "1"]
[SourceVersionDate "2021.10.06"]
[SourceQuality "1"]

1. e4 e5 2. Nf3 Nc6 3. Bb5 a6 4. Bxc6 dxc6 5. 0-0 f6 6. d4 exd4 7. Nxd4 Bd6 8. Be3 Ne7 9. Nc3 Ng6 10. Qh5 Qe7 11. f4 0-0 12. Rae1 Bd7 13. Rf3 Rfe8 14. f5 Nf8 15. Kh1 Rad8 16. g4 h6 17. g5 hxg5 18. Rh3 b5 19. Rg1 b4 20. Bxg5 bxc3 21. Qh8+ Kf7 22. Qxg7+ Kxg7 23. Bh6+ Kh8 24. Bg7+ Kg8 25. Bxf8+ Kxf8 1/2-1/2

[Event "Baianos-ch"]
[Site "Salvador"]
[Date "2015.10.10"]
[Round "2"]
[White "De Sousa, Luiz Eduardo Olivei"]
[Black "Dos Santos, Anderson Guerra"]
[Result "0-1"]
[WhiteElo "1954"]
[BlackElo "1666"]
[PlyCount "60"]
[EventDate "2015.10.09"]
[EventType "swiss"]
[EventRounds "7"]
[EventCountry "BRA"]
[SourceTitle "EXT 2022"]
[Source "ChessBase"]
[SourceDate "2021.10.06"]
[SourceVersion "1"]
[SourceVersionDate "2021.10.06"]
[SourceQuality "1"]

1. e4 c5 2. Nf3 d6 3. Bb5+ Nd7 4. 0-0 Ngf6 5. Qe2 g6 6. Rd1 Bg7 7. c3 a6 8. Bxd7+ Bxd7 9. d4 cxd4 10. Bg5 0-0 11. cxd4 Qa5 12. Nc3 Bg4 13. Bxf6 exf6 14. h3 Bd7 15. Nd2 Rac8 16. Nc4 Qb4 17. Ne3 Rfe8 18. Ncd5 Qa5 19. b4 Qd8 20. f3 f5 21. Nc4 Bb5 22. Rac1 fxe4 23. fxe4 Bxc4 24. Rxc4 Rxc4 25. Qxc4 Rxe4 26. Nc3 b5 27. Qd5 Re3 28. Rf1 Rxc3 29. Qxf7+ Kh8 30. Qb7 Bxd4+ 0-1

[Event "Baianos-ch"]
[Site "Salvador"]
[Date "2015.10.09"]
[Round "1"]
[White "Dos Santos, Anderson Guerra"]
[Black "Souza, Jailson"]
[Result "1-0"]
[WhiteElo "1666"]
[BlackElo "1840"]
[PlyCount "55"]
[EventDate "2015.10.09"]
[EventType "swiss"]
[EventRounds "7"]
[EventCountry "BRA"]
[SourceTitle "EXT 2022"]
[Source "ChessBase"]
[SourceDate "2021.10.06"]
[SourceVersion "1"]
[SourceVersionDate "2021.10.06"]
[SourceQuality "1"]

1. e4 e5 2. Nf3 Nf6 3. d4 Nxe4 4. dxe5 d5 5. Nbd2 Bf5 6. Nxe4 Bxe4 7. Bd3 Nc6 8. Bf4 Bc5 9. 0-0 0-0 10. Bxe4 dxe4 11. Ng5 Qxd1 12. Rfxd1 Bd4 13. e6 Bxb2 14. Rab1 Bf6 15. Rxb7 Rad8 16. exf7+ Kh8 17. Rxd8 Rxd8 18. g3 Rf8 19. Rxc7 Bxg5 20. Bxg5 h6 21. Be3 Ne5 22. Bc5 Rxf7 23. Rxf7 Nxf7 24. Bxa7 Nd6 25. a4 Kg8 26. a5 Nb7 27. a6 Nd6 28. Bc5 1-0

[Event "BRA Bahia zt"]
[Site "Salvador"]
[Date "2015.06.05"]
[Round "5"]
[White "Souza, Jailson"]
[Black "Dos Santos, Anderson Guerra"]
[Result "0-1"]
[WhiteElo "1824"]
[BlackElo "2161"]
[PlyCount "182"]
[EventDate "2015.06.04"]
[EventType "swiss"]
[EventRounds "7"]
[EventCountry "BRA"]
[SourceTitle "EXT 2022"]
[Source "ChessBase"]
[SourceDate "2021.10.06"]
[SourceVersion "1"]
[SourceVersionDate "2021.10.06"]
[SourceQuality "1"]

1. d4 Nf6 2. c4 g6 3. Nc3 Bg7 4. e4 d6 5. Nf3 0-0 6. h3 e5 7. Bg5 h6 8. Bxf6 Bxf6 9. Nd5 Bg7 10. Rc1 Nc6 11. dxe5 Nxe5 12. Nxe5 Bxe5 13. b4 c6 14. Ne3 Qg5 15. g3 Bxg3 16. fxg3 Qxe3+ 17. Be2 Qxg3+ 18. Kd2 d5 19. Rc3 Qf4+ 20. Kc2 dxe4 21. Rf1 Qe5 22. Bg4 Bxg4 23. Qxg4 Rad8 24. Rf4 e3 25. Re4 Rd2+ 26. Kb3 Qh2 27. Rexe3 Rb2+ 28. Ka4 Rxa2+ 29. Ra3 Qc2+ 30. Ka5 Rd8 31. Qh4 Rxa3+ 32. Rxa3 Qd2 33. Qe7 Rd7 34. Qe8+ Kh7 35. Qb8 c5 36. Ra4 cxb4 37. Rxb4 b6+ 38. Kb5 a6+ 39. Kc6 Rd8 40. Qc7 Rc8 41. Qxc8 Qxb4 42. Qxa6 Qc5+ 43. Kb7 g5 44. Qb5 Qd4 45. Qd5 Qf2 46. Qe4+ Kg7 47. Qe5+ Qf6 48. Qxf6+ Kxf6 49. Kxb6 h5 50. c5 g4 51. hxg4 hxg4 52. c6 g3 53. c7 g2 54. c8Q g1Q+ 55. Ka5 Qa1+ 56. Kb4 Qb2+ 57. Ka4 Qa2+ 58. Kb4 Qd5 59. Qh8+ Ke6 60. Qe8+ Kf5 61. Qh8 Ke4 62. Qh1+ Ke5 63. Qh2+ Ke6 64. Qh6+ f6 65. Qh3+ f5 66. Qh6+ Ke5 67. Qh8+ Kf4 68. Qh4+ Ke3 69. Qe1+ Kd4 70. Qg1+ Ke5 71. Qg7+ Kf4 72. Qh6+ Kg3 73. Qg5+ Kf2 74. Qh4+ Kg2 75. Qg5+ Kf3 76. Qh5+ Ke3 77. Qg5+ Ke2 78. Qh5+ Qf3 79. Qh2+ Kf1 80. Qh8 Qe4+ 81. Kc3 f4 82. Kd2 Qe2+ 83. Kc3 Qe3+ 84. Kc2 f3 85. Qh1+ Ke2 86. Qd1+ Kf2 87. Qh1 Kg3 88. Qh7 f2 89. Qg6+ Kh2 90. Qh5+ Qh3 91. Qe2 Kg1 0-1

[Event "BRA Bahia zt"]
[Site "Salvador"]
[Date "2015.06.04"]
[Round "2"]
[White "Dos Santos, Anderson Guerra"]
[Black "Simoes, Wellington Pereira"]
[Result "1-0"]
[WhiteElo "2161"]
[BlackElo "1583"]
[PlyCount "103"]
[EventDate "2015.06.04"]
[EventType "swiss"]
[EventRounds "7"]
[EventCountry "BRA"]
[SourceTitle "EXT 2022"]
[Source "ChessBase"]
[SourceDate "2021.10.06"]
[SourceVersion "1"]
[SourceVersionDate "2021.10.06"]
[SourceQuality "1"]

1. e4 d5 2. exd5 Qxd5 3. Nc3 Qd6 4. Nf3 Nf6 5. Nb5 Qd8 6. d4 c6 7. Nc3 Bg4 8. Bc4 e6 9. Bg5 Be7 10. Qd3 Nbd7 11. a4 Qa5 12. Bd2 Bf5 13. Ne4 Bxe4 14. Bxa5 Bxd3 15. Bxd3 Nd5 16. 0-0 Nb4 17. Rad1 Nxd3 18. Rxd3 0-0 19. Rfd1 Nf6 20. Ne5 Nd5 21. Rb3 b6 22. Nxc6 Bd6 23. c4 Nf6 24. Bb4 Bxb4 25. Rxb4 Rfe8 26. f3 Nd7 27. Kf2 Nb8 28. Nxb8 Rexb8 29. d5 exd5 30. cxd5 Rc8 31. d6 Rc2+ 32. Kg3 Kf8 33. Rh4 h6 34. b4 Rd8 35. b5 f5 36. Rh5 Rc5 37. Kf4 g5+ 38. Kg3 Kg7 39. Rd4 Kg6 40. Rh3 Re5 41. f4 Re2 42. fxg5 hxg5 43. d7 Re3+ 44. Kf2 Rxh3 45. gxh3 Kf6 46. Kf3 Ke7 47. h4 gxh4 48. Kf4 Kf6 49. Rd6+ Ke7 50. Ke5 f4 51. Re6+ Kf7 52. Kd6 1-0

[Event "Baianos-ch"]
[Site "Salvador"]
[Date "2014.12.13"]
[Round "2"]
[White "Coelho, Carlos Leandro Lima"]
[Black "Dos Santos, Anderson Guerra"]
[Result "1/2-1/2"]
[WhiteElo "1914"]
[BlackElo "2121"]
[PlyCount "92"]
[EventDate "2014.12.12"]
[EventType "swiss"]
[EventRounds "5"]
[EventCountry "BRA"]
[SourceTitle "EXT 2022"]
[Source "ChessBase"]
[SourceDate "2021.10.06"]
[SourceVersion "1"]
[SourceVersionDate "2021.10.06"]
[SourceQuality "1"]

1. e4 c5 2. b3 Nc6 3. f4 Nf6 4. d3 d5 5. e5 Nd7 6. c3 d4 7. Nf3 e6 8. Bb2 Nb6 9. c4 Be7 10. Nbd2 0-0 11. Be2 Nd7 12. h4 f6 13. exf6 Rxf6 14. Ne4 Rxf4 15. g3 Rf8 16. Qd2 a5 17. 0-0 Nf6 18. Nfg5 h6 19. Nxf6+ Bxf6 20. Ne4 Be5 21. Kg2 b6 22. Rxf8+ Qxf8 23. Rf1 Qe7 24. Bh5 Nd8 25. Qe2 Bb7 26. Bc1 Bxe4+ 27. Qxe4 Qb7 28. Bf7+ Kh8 29. Qxb7 Nxb7 30. Bxe6 Nd6 31. Bf4 Bxf4 32. Bd5 Rf8 33. Rxf4 Rxf4 34. gxf4 g6 35. Be6 Kg7 36. Kg3 Kf6 37. Bd7 Ke7 38. Bg4 a4 39. bxa4 Nf5+ 40. Bxf5 gxf5 41. Kf3 Kd6 42. Ke2 Kc6 43. Kd2 Kb7 44. Kc2 Ka6 45. Kb3 Ka5 46. Ka3 Ka6 1/2-1/2

[Event "Recife Regiao op"]
[Site "Recife"]
[Date "2014.11.01"]
[Round "5"]
[White "Azevedo, Edmundo Roberto Ram"]
[Black "Dos Santos, Anderson Guerra"]
[Result "0-1"]
[WhiteElo "1993"]
[BlackElo "2118"]
[PlyCount "59"]
[EventDate "2014.10.30"]
[EventType "swiss"]
[EventRounds "7"]
[EventCountry "BRA"]
[SourceTitle "EXT 2015"]
[Source "ChessBase"]
[SourceDate "2014.11.20"]
[SourceVersion "1"]
[SourceVersionDate "2014.11.20"]
[SourceQuality "1"]

1. d4 Nf6 2. Nf3 g6 3. Bf4 Bg7 4. e3 0-0 5. Be2 d6 6. 0-0 c5 7. c3 b6 8. Nbd2 Bb7 9. h3 Nbd7 10. Bg5 e5 11. dxe5 Nxe5 12. Nxe5 dxe5 13. Bf3 Qc7 14. Bxb7 Qxb7 15. Bxf6 Bxf6 16. Qc2 Be7 17. c4 f5 18. Rfe1 g5 19. g4 fxg4 20. hxg4 Qc8 21. Qe4 Rf6 22. Kg2 h5 23. gxh5 Kh8 24. Qxe5 Qg4+ 25. Qg3 Qe6 26. e4 Bd6 27. Qh3 g4 28. Qe3 Raf8 29. f4 Rxf4 30. Qd3 0-1

[Event "Recife Regiao op"]
[Site "Recife"]
[Date "2014.10.30"]
[Round "2"]
[White "Dos Santos, Anderson Guerra"]
[Black "Monteiro Neto, Cesidio Rocha"]
[Result "1-0"]
[WhiteElo "2118"]
[BlackElo "2051"]
[PlyCount "63"]
[EventDate "2014.10.30"]
[EventType "swiss"]
[EventRounds "7"]
[EventCountry "BRA"]
[SourceTitle "EXT 2015"]
[Source "ChessBase"]
[SourceDate "2014.11.20"]
[SourceVersion "1"]
[SourceVersionDate "2014.11.20"]
[SourceQuality "1"]

1. e4 c5 2. Nf3 g6 3. d4 cxd4 4. Nxd4 Nc6 5. Nc3 Bg7 6. Be3 Nf6 7. Bc4 0-0 8. Bb3 a5 9. a4 Ng4 10. Qxg4 Bxd4 11. Bh6 Bg7 12. Bxg7 Kxg7 13. 0-0-0 d6 14. Qg3 Bd7 15. h4 h5 16. Nd5 Ne5 17. Nf4 Rh8 18. Nd5 b5 19. axb5 a4 20. Ba2 Bxb5 21. f4 Ng4 22. f5 Bd7 23. Rhf1 Rf8 24. Rf3 Bc6 25. Rdf1 Nf6 26. fxg6 fxg6 27. Nf4 Qe8 28. Ne6+ Kh7 29. Nxf8+ Qxf8 30. Qg5 Bxe4 31. Rxf6 exf6 32. Rxf6 1-0

[Event "American Continental 10th"]
[Site "Praia da Pipa"]
[Date "2014.10.22"]
[Round "7"]
[White "Cabezas Rojas, Bastian"]
[Black "Dos Santos, Anderson Guerra"]
[Result "0-1"]
[WhiteElo "1942"]
[BlackElo "2119"]
[PlyCount "114"]
[EventDate "2014.10.18"]
[EventType "swiss"]
[EventRounds "11"]
[EventCountry "BRA"]
[SourceTitle "EXT 2015"]
[Source "ChessBase"]
[SourceDate "2014.11.20"]
[SourceVersion "1"]
[SourceVersionDate "2014.11.20"]
[SourceQuality "1"]

1. d4 Nf6 2. Nf3 g6 3. g3 Bg7 4. Bg2 0-0 5. 0-0 d6 6. c4 Nc6 7. Nc3 a6 8. b3 Bd7 9. Bb2 Rb8 10. d5 Na5 11. Qd2 c5 12. dxc6 bxc6 13. Nd1 Qb6 14. Rc1 Nb7 15. Qe3 c5 16. h3 a5 17. a4 Nd8 18. Nd2 Re8 19. Nc3 Nc6 20. Ba1 Nd4 21. Nb5 e5 22. Kh2 Rbd8 23. Ne4 Nxe4 24. Bxe4 f5 25. Bd5+ Kh8 26. Qd3 Bc6 27. Bxd4 exd4 28. Rce1 Bxd5 29. cxd5 Re5 30. e4 Rde8 31. f3 Bh6 32. Na3 Qc7 33. Nc4 R5e7 34. e5 Rxe5 35. Nxe5 dxe5 36. Qa6 Rd8 37. Qe6 Bg7 38. Rc1 Qc8 39. Qc6 Bf8 40. Qf6+ Bg7 41. Qc6 Qxc6 42. dxc6 Bf8 43. Rfe1 Bd6 44. Kg2 Rc8 45. g4 Rxc6 46. Kf2 Rb6 47. Rb1 Kg7 48. Ke2 Kf6 49. Kd3 Ke6 50. gxf5+ gxf5 51. Rg1 h6 52. Kc2 e4 53. fxe4 fxe4 54. Rg6+ Kd5 55. Rf1 d3+ 56. Kd1 Rxb3 57. Rf5+ Be5 0-1

[Event "American Continental 10th"]
[Site "Praia da Pipa"]
[Date "2014.10.21"]
[Round "5"]
[White "Braga, Jose Pereira"]
[Black "Dos Santos, Anderson Guerra"]
[Result "0-1"]
[WhiteElo "1922"]
[BlackElo "2119"]
[PlyCount "93"]
[EventDate "2014.10.18"]
[EventType "swiss"]
[EventRounds "11"]
[EventCountry "BRA"]
[SourceTitle "EXT 2015"]
[Source "ChessBase"]
[SourceDate "2014.11.20"]
[SourceVersion "1"]
[SourceVersionDate "2014.11.20"]
[SourceQuality "1"]

1. e4 c5 2. Nf3 d6 3. d4 cxd4 4. Nxd4 Nf6 5. Nc3 g6 6. Be3 Bg7 7. f3 0-0 8. Qd2 Nc6 9. 0-0-0 d5 10. Nxc6 bxc6 11. exd5 cxd5 12. Nxd5 Nxd5 13. Qxd5 Qc7 14. Qc5 Qb7 15. Qa3 Rb8 16. Bd4 e5 17. Bc3 e4 18. Bxg7 Kxg7 19. Be2 Be6 20. fxe4 Qxe4 21. Bf3 Qf4+ 22. Kb1 Rb4 23. g3 Qc4 24. Be2 Qe4 25. Qc3+ Kg8 26. Bf3 Qc4 27. Qxc4 Bxc4 28. Rd2 Rfb8 29. b3 a5 30. Rhd1 Kg7 31. Ka1 Be6 32. Bd5 Bf5 33. Bc4 Ra8 34. a3 Rb6 35. Rf1 Ra7 36. Rf4 h5 37. Kb2 Re7 38. Bd5 Rd6 39. Rfd4 Red7 40. c3 Re7 41. Bc4 Rc6 42. Rd6 Rcc7 43. Re2 Be4 44. Red2 a4 45. Bb5 axb3 46. Kxb3 h4 47. c4 0-1

[Event "American Continental 10th"]
[Site "Praia da Pipa"]
[Date "2014.10.20"]
[Round "4"]
[White "Dos Santos, Anderson Guerra"]
[Black "Umetsubo, Cesar Hidemitsu"]
[Result "0-1"]
[WhiteElo "2119"]
[BlackElo "2355"]
[PlyCount "144"]
[EventDate "2014.10.18"]
[EventType "swiss"]
[EventRounds "11"]
[EventCountry "BRA"]
[SourceTitle "EXT 2015"]
[Source "ChessBase"]
[SourceDate "2014.11.20"]
[SourceVersion "1"]
[SourceVersionDate "2014.11.20"]
[SourceQuality "1"]

1. e4 c6 2. d4 d5 3. Nd2 dxe4 4. Nxe4 Bf5 5. Ng3 Bg6 6. h4 h6 7. Nf3 Nd7 8. Bd3 Bxd3 9. Qxd3 Ngf6 10. Bd2 e6 11. 0-0-0 Be7 12. Ne4 Nxe4 13. Qxe4 Nf6 14. Qe2 Qd5 15. c4 Qe4 16. Rhe1 Qxe2 17. Rxe2 0-0 18. Ne5 Rfd8 19. Be3 Rac8 20. g4 h5 21. gxh5 Nxh5 22. Nf3 g6 23. Bg5 Kf8 24. Kb1 Rc7 25. Red2 f6 26. Bh6+ Kf7 27. a3 Rcd7 28. Re1 Rh8 29. Be3 a6 30. Rde2 b5 31. Bd2 Ng7 32. c5 Rd5 33. Re4 Rf5 34. Rf4 Bd8 35. Ree4 Bc7 36. Rxf5 exf5 37. Re1 Ne6 38. Kc2 Rd8 39. Kc3 Rd5 40. b4 a5 41. Re2 f4 42. Kd3 Rd8 43. Re1 axb4 44. axb4 Ra8 45. Bc3 Ra2 46. Bd2 Ra3+ 47. Bc3 Bb8 48. Kc2 Nc7 49. Kb2 Ra8 50. Nh2 Nd5 51. Bd2 Bc7 52. Nf3 Rh8 53. Kc2 Ra8 54. Kb2 Rh8 55. Kc2 Rh5 56. Kd3 g5 57. hxg5 fxg5 58. Ne5+ Bxe5 59. Rxe5 Kf6 60. Re8 Rh7 61. Rc8 Rc7 62. Rxc7 Nxc7 63. Ke4 Nd5 64. f3 Ke6 65. Be1 Nf6+ 66. Kd3 Kd5 67. Bd2 Ng8 68. Be1 Nh6 69. Bf2 Nf5 70. Bg1 Nh4 71. Ke2 Kc4 72. Bf2 Nf5 0-1

[Event "Fortaleza Alves Memorial 19th"]
[Site "Fortaleza"]
[Date "2014.05.18"]
[Round "5"]
[White "Dos Santos, Anderson Guerra"]
[Black "Costa, Fernando de Souza"]
[Result "1-0"]
[WhiteElo "2122"]
[BlackElo "2010"]
[PlyCount "117"]
[EventDate "2014.05.16"]
[EventType "swiss"]
[EventRounds "6"]
[EventCountry "BRA"]
[SourceTitle "CBM 160 Extra"]
[Source "ChessBase"]
[SourceDate "2014.07.01"]
[SourceVersion "1"]
[SourceVersionDate "2014.07.01"]
[SourceQuality "1"]

1. e4 Nf6 2. Nc3 d6 3. d4 g6 4. f4 Bg7 5. e5 dxe5 6. fxe5 Nd5 7. Qf3 c6 8. Bd2 Bf5 9. 0-0-0 h5 10. h3 Na6 11. Bc4 Nac7 12. Nge2 Qd7 13. Ne4 b6 14. N4g3 Be6 15. Rhf1 0-0-0 16. Qa3 Kb7 17. Ne4 Bf5 18. Ng5 e6 19. g4 Bf8 20. Qb3 hxg4 21. hxg4 f6 22. gxf5 fxg5 23. Bxg5 gxf5 24. Bxd8 Qxd8 25. Bxd5 Qxd5 26. Qxd5 Nxd5 27. Rh1 Bh6+ 28. Kb1 Ne3 29. Rd3 Ng4 30. Rf3 Re8 31. a4 Rd8 32. b4 c5 33. bxc5 bxc5 34. Rb3+ Kc6 35. Rc3 Rb8+ 36. Ka2 Kd5 37. Rxc5+ Ke4 38. Rc3 Be3 39. Rd3 Rc8 40. Nc3+ Rxc3 41. Rxc3 Kxd4 42. Rd3+ Kxe5 43. c4 f4 44. Re1 Ke4 45. Rd6 Kf5 46. Kb3 e5 47. Kb4 Bf2 48. Rf1 e4 49. Rh1 e3 50. c5 e2 51. Rh5+ Ke4 52. Re6+ Kf3 53. Rh1 Ne3 54. c6 e1Q+ 55. Rxe1 Bxe1+ 56. Kb5 Ke2 57. c7 f3 58. c8Q f2 59. Qc4+ 1-0

[Event "Fortaleza Alves Memorial 19th"]
[Site "Fortaleza"]
[Date "2014.05.16"]
[Round "1"]
[White "Dos Santos, Anderson Guerra"]
[Black "Correa, Lorenna Martins"]
[Result "1-0"]
[WhiteElo "2122"]
[BlackElo "1683"]
[PlyCount "67"]
[EventDate "2014.05.16"]
[EventType "swiss"]
[EventRounds "6"]
[EventCountry "BRA"]
[SourceTitle "CBM 160 Extra"]
[Source "ChessBase"]
[SourceDate "2014.07.01"]
[SourceVersion "1"]
[SourceVersionDate "2014.07.01"]
[SourceQuality "1"]

1. e4 e5 2. Nf3 Nc6 3. Bb5 a6 4. Bxc6 dxc6 5. 0-0 Bg4 6. h3 Bh5 7. g4 Bg6 8. Nxe5 Qh4 9. Qf3 f6 10. Nxg6 hxg6 11. Kg2 Bd6 12. d4 0-0-0 13. Nc3 Ne7 14. Be3 Rdf8 15. Rh1 g5 16. Ne2 Kb8 17. Ng3 g6 18. c4 f5 19. e5 Bxe5 20. dxe5 f4 21. Bc5 fxg3 22. Qxg3 Qh7 23. Rad1 Rd8 24. e6 Nc8 25. Rxd8 Rxd8 26. Re1 Ne7 27. b4 Qg7 28. Qe5 Rg8 29. Qxg7 Rxg7 30. Bxe7 Rxe7 31. Kg3 Kc8 32. f4 gxf4+ 33. Kxf4 Kd8 34. Kg5 1-0

[Event "Baiano-ch"]
[Site "Salvador"]
[Date "2013.11.16"]
[Round "4.6"]
[White "Silva, Gilberto Oliveira E"]
[Black "Dos Santos, Anderson Guerra"]
[Result "1-0"]
[WhiteElo "1857"]
[BlackElo "2125"]
[PlyCount "143"]
[EventDate "2013.11.14"]
[EventType "swiss"]
[EventRounds "7"]
[EventCountry "BRA"]
[SourceTitle "EXT 2022"]
[Source "ChessBase"]
[SourceDate "2021.10.06"]
[SourceVersion "1"]
[SourceVersionDate "2021.10.06"]
[SourceQuality "1"]

1. f4 Nf6 2. Nf3 g6 3. d4 Bg7 4. Nc3 0-0 5. e4 d6 6. Be2 c5 7. d5 Qa5 8. 0-0 b5 9. Bxb5 Nxe4 10. Nxe4 Qxb5 11. c3 Nd7 12. Re1 Nb6 13. b3 c4 14. b4 Nxd5 15. Bd2 Bb7 16. Kh1 Rfe8 17. a4 Qd7 18. Rc1 Qg4 19. Nf2 Qf5 20. g4 Qd7 21. h3 e5 22. fxe5 dxe5 23. Ne4 Nf4 24. Nc5 Bxf3+ 25. Qxf3 Qxd2 26. Rcd1 Qg2+ 27. Qxg2 Nxg2 28. Kxg2 Rad8 29. Rxd8 Rxd8 30. Re4 f5 31. gxf5 gxf5 32. Rxc4 Rd2+ 33. Kg3 e4 34. Kf4 Rf2+ 35. Kg5 e3 36. Nd3 Rd2 37. Rc8+ Kf7 38. Rc7+ Ke8 39. Nf4 Be5 40. Rc5 Bd6 41. Rxf5 e2 42. Nxe2 Rxe2 43. Kf6 Re7 44. Rd5 Bf4 45. Kf5 Bc1 46. c4 Rd7 47. Rb5 Kd8 48. Ke6 Bf4 49. Rf5 Rd6+ 50. Kf7 Bd2 51. b5 Rh6 52. Rd5+ Kc7 53. Rxd2 Rxh3 54. Ke6 h5 55. a5 Re3+ 56. Kd5 h4 57. Rd4 Rh3 58. Kc5 Ra3 59. b6+ axb6+ 60. axb6+ Kb7 61. Rd7+ Kc8 62. Rh7 Rg3 63. Rxh4 Rg1 64. Kc6 Rg6+ 65. Kb5 Rg5+ 66. c5 Kb7 67. Rh7+ Kb8 68. Ka6 Rg8 69. c6 Rc8 70. Rb7+ Ka8 71. Ra7+ Kb8 72. c7+ 1-0

[Event "BRA-ch sf2 80th"]
[Site "Belem"]
[Date "2013.11.02"]
[Round "4"]
[White "Mendes, Joao Paulo"]
[Black "Dos Santos, Anderson Guerra"]
[Result "0-1"]
[WhiteElo "1968"]
[BlackElo "2125"]
[PlyCount "110"]
[EventDate "2013.10.31"]
[EventType "swiss"]
[EventRounds "7"]
[EventCountry "BRA"]
[SourceTitle "EXT 2016"]
[Source "ChessBase"]
[SourceDate "2015.10.08"]
[SourceVersion "1"]
[SourceVersionDate "2015.10.08"]
[SourceQuality "1"]

1. e4 c5 2. Nf3 d6 3. d4 cxd4 4. Nxd4 Nf6 5. Nc3 g6 6. Bg5 Bg7 7. Qd2 0-0 8. Be2 Nc6 9. Nb3 Be6 10. 0-0 Ne5 11. Rad1 Nc4 12. Qc1 Rc8 13. Kh1 b5 14. Nd4 b4 15. Nxe6 fxe6 16. Bxc4 Rxc4 17. e5 bxc3 18. b3 Rc7 19. exf6 exf6 20. Be3 d5 21. Qa3 Qa8 22. Bc5 Rfc8 23. b4 f5 24. f4 a5 25. Bd6 Ra7 26. b5 Rb7 27. Qb3 a4 28. Qb1 Qa5 29. Rde1 Rxb5 30. Qd1 Re8 31. a3 Qb6 32. Bb4 d4 33. Qd3 e5 34. fxe5 Rbxe5 35. Rxe5 Bxe5 36. Qc4+ Qe6 37. Qb5 Bb8 38. Bc5 Qe2 39. Qxe2 Rxe2 40. Bxd4 Rxc2 41. Kg1 Bd6 42. Rb1 Bxa3 43. Rb7 Rc1+ 44. Kf2 c2 45. Rg7+ Kf8 46. Rc7 Rf1+ 47. Kxf1 c1Q+ 48. Rxc1 Bxc1 49. Ke2 a3 50. Kd1 Bb2 51. Bc5+ Kf7 52. Kc2 g5 53. Kb3 Ke6 54. Be3 f4 55. Bc5 g4 0-1

[Event "Fortaleza Alves memorial 17th"]
[Site "Fortaleza"]
[Date "2013.05.17"]
[Round "1"]
[White "Costa, Edvaldo da Cruz"]
[Black "Dos Santos, Anderson Guerra"]
[Result "0-1"]
[WhiteElo "1568"]
[BlackElo "2079"]
[PlyCount "68"]
[EventDate "2013.05.17"]
[EventType "swiss"]
[EventRounds "6"]
[EventCountry "BRA"]
[SourceTitle "CBM 154 Extra"]
[Source "ChessBase"]
[SourceDate "2013.06.25"]
[SourceVersion "2"]
[SourceVersionDate "2013.06.25"]
[SourceQuality "1"]

1. d4 Nf6 2. c4 g6 3. Nf3 Bg7 4. e3 0-0 5. Nc3 d5 6. cxd5 Nxd5 7. Be2 c5 8. 0-0 Nxc3 9. bxc3 Qa5 10. Qb3 Nc6 11. Bd2 Qc7 12. Rab1 Rd8 13. Ng5 e5 14. a3 Rd7 15. Ne4 cxd4 16. cxd4 exd4 17. Rfc1 Qe5 18. Bf3 Bf6 19. Bb4 Nxb4 20. axb4 dxe3 21. Qxe3 Rd4 22. b5 Bf5 23. Rd1 Rxd1+ 24. Rxd1 Qxb5 25. Nxf6+ Kh8 26. g4 Be6 27. Bd5 Rd8 28. Qh3 h6 29. Qf3 Bxd5 30. Nxd5 Qe8 31. h4 Qe6 32. Qf6+ Qxf6 33. Nxf6 Rxd1+ 34. Kg2 a5 0-1